Funcionarios y remuneraciones: salarios de la Caja Real de Lima en los siglos XVII y XVIII
Gespeichert in:
| 1. Verfasser: | |
|---|---|
| Format: | Buch |
| Sprache: | Spanisch |
| Veröffentlicht: |
Lima
Banco Central de Reserva del Perú
2012
Lima Instituto de Estudios Peruanos 2012 |
| Ausgabe: | 1a. ed |
| Schriftenreihe: | Historia Económica, 15
|
| Schlagworte: | |
| Tags: |
Tag hinzufügen
Keine Tags, Fügen Sie den ersten Tag hinzu!
|
MARC
| LEADER | 00000cam a2200000 a 4500 | ||
|---|---|---|---|
| 001 | UCF4440 | ||
| 003 | CL-VaPUC | ||
| 008 | 121206e20120300PE |||||||||||||||||spa|d | ||
| 020 | |a 9789972512995 | ||
| 082 | 0 | 4 | |a 985.032 |b LUQ |2 21 |
| 100 | |a Luque Luque, Juvenal |e autor |9 565999 | ||
| 245 | 1 | 0 | |a Funcionarios y remuneraciones: salarios de la Caja Real de Lima en los siglos XVII y XVIII |
| 250 | |a 1a. ed | ||
| 300 | |a 381 p | ||
| 942 | |c BK | ||
| 945 | |d 20121206 00:00:00 |a dcastane | ||
| 260 | |a Lima |b Banco Central de Reserva del Perú |c 2012 | ||
| 260 | |a Lima |b Instituto de Estudios Peruanos |c 2012 | ||
| 650 | 7 | |a HISTORIA DEL PERU SIGLO 17 |2 CL-VaPUC |9 446241 | |
| 650 | 7 | |a FUNCIONARIOS |2 CL-VaPUC |9 376490 | |
| 650 | 7 | |a REMUNERACIONES |2 CL-VaPUC |9 371777 | |
| 583 | |a last modification |c 20121206 10:49:00 |k Rodrigo Vera | ||
| 490 | 0 | |a Historia Económica, 15 | |
| 999 | |c 350247 |d 350245 | ||
| 952 | |0 0 |1 0 |4 0 |6 985_032000000000000_LUQ_2012_2012 |7 0 |8 X |9 453488 |a FDOBUD |b FDOBUD |d 2019-11-22 |i 4929977 |o 985.032 LUQ 2012 2012 |p 4929977 |r 2019-11-22 |w 2019-11-22 |y BK_X |k BUD | ||